Vista normal
Vista MARC
Entrada Nombre Personal
Número de registros utilizados en: 1
001 - Número de Control
- control field: 44484
003 - Identificador de Número de Control
- control field: EC-QuCCB
005 - Fecha y Hora de la última transacción
- Campo de Control: 20260406165747.0
008 - Elementos de Datos de Longitud Fija
- fixed length control field: 260406|| aca||aabn | a|a d
040 ## - Origen de la Catalagación
- Agencia catalogadora original: EC-QuCCB
- Idioma de la catalogación: spa
100 1# - Asiento Principal--Nombre Personal
- Nombre personal :: Herrera, Monica,
400 0# - Trazado Véase Desde -- Nombre Personal
- Nombre Personal: Monica Herrera,
670 ## - Fuente de la Información Encontrada
- Fuente citada :: No lugar : antología de proyectos 2010 . 2013, 2013:
- Informacion encontrada :: Portada (Mónica Herrera)























